000 00445cam a2200181 4500
001 D6304
008 090401t1971 xxu||||| |||| 00| 0 eng d
035 _a(Sirsi) u134
041 _aeng
050 _a711.026
100 _aKarslake, H. Howard
245 4 _aThe statutory provisions relating to planning blight
260 _bRating and Valuation Association
_c1971
300 _a80p
350 _a1.25
942 _n0
948 _c04/03/1997
999 _c85482
_d85482